[Event "SR 3. liga A2 2006/2007"]
[Site "?"]
[Date "2006.10.08"]
[Round "1"]
[White "Nagy, Attila"]
[Black "Skapikova, Lubica"]
[Result "1/2-1/2"]
[WhiteElo "2120"]
[BlackElo "2013"]
[Annotator "Senica B - Galanta  /4/"]
[PlyCount "97"]
[EventDate "2006.??.??"]

1. d4 Nf6 2. Nf3 b6 3. Bf4 Bb7 4. e3 e6 5. Bd3 d5 6. O-O Bd6 7. Bxd6 Qxd6 8.
Ne5 Nbd7 9. f4 c5 10. c3 c4 11. Bc2 b5 12. Nd2 Qc7 13. Ndf3 h6 14. a4 a6 15.
Qe1 O-O 16. Qh4 Qd8 17. g4 Ne4 18. Nxd7 Qxd7 19. g5 Qe7 20. Qh5 f6 21. gxh6 Qf7
22. h7+ Kh8 23. Qg4 Bc6 24. Nh4 Kxh7 25. f5 exf5 26. Qxf5+ g6 27. Qh3 Bd7 28.
Nf5+ Kg8 29. Bxe4 Bxf5 30. Bxf5 gxf5 31. Kh1 Qh7 32. Rg1+ Kh8 33. Qf3 Rae8 34.
Rg3 Re4 35. Rag1 Rh4 36. Qg2 Rg4 37. Qxd5 Rfg8 38. Qd6 Qh4 39. Rxg4 Rxg4 40.
Qd8+ Kh7 41. Qd7+ Kg6 42. Qe8+ Kg7 43. Qe7+ Kg6 $11 44. Qe8+ Kg7 45. Rxg4+ Qxg4
46. axb5 Qd1+ 47. Kg2 Qe2+ 48. Kg3 Qe1+ 49. Kg2 $11 1/2-1/2

[Event "SR 3. liga A2 2006/2007"]
[Site "?"]
[Date "2006.10.08"]
[Round "1"]
[White "Zisek, Jaroslav"]
[Black "Csiba, Dominik"]
[Result "0-1"]
[WhiteElo "1946"]
[BlackElo "2070"]
[Annotator "Senica B - Galanta  /5/"]
[PlyCount "70"]
[EventDate "2006.??.??"]

1. c4 c6 2. Nc3 d5 3. d4 e6 4. Nf3 dxc4 5. Bf4 Nf6 6. e3 b5 7. a4 Bb4 8. Nd2
Bxc3 9. bxc3 Nd5 10. axb5 Nxf4 11. exf4 cxb5 12. Qf3 Qd5 13. Qg3 O-O 14. Be2
Bb7 15. Bf3 Qd7 16. Ne4 Bxe4 17. Bxe4 Nc6 18. Qf3 Rac8 19. O-O Ne7 20. Rfb1 f5
21. Bc2 Nd5 22. Ra5 Rb8 23. g3 Rb6 24. Rba1 Ra8 25. Rb1 a6 26. Ra3 Qd6 27. Ra5
Rab8 28. Raa1 b4 29. cxb4 Nxb4 30. Qc3 Nxc2 31. Rxb6 Qxb6 32. Qxc2 Qxd4 33.
Rxa6 Rb2 34. Ra8+ Kf7 35. Qa4 Qxf2+ 0-1

[Event "SR 3. liga A2 2006/2007"]
[Site "?"]
[Date "2006.10.08"]
[Round "1"]
[White "Merva, Frantisek"]
[Black "Palka, Martin"]
[Result "1-0"]
[WhiteElo "2059"]
[BlackElo "1901"]
[Annotator "Senica B - Galanta  /6/"]
[PlyCount "67"]
[EventDate "2006.??.??"]

1. d4 Nf6 2. Nf3 c5 3. c3 g6 4. dxc5 Bg7 5. Bf4 Nc6 6. e3 Qa5 7. b4 Nxb4 8.
cxb4 Qxb4+ 9. Nbd2 Qxc5 10. Be5 O-O 11. Rc1 Qa5 12. Bc4 d6 13. Bc3 Qd8 14. Qb3
e5 15. e4 Nh5 16. g3 Kh8 17. h4 h6 18. Bxf7 Qf6 19. Bc4 Bg4 20. Be2 Qe7 21. Bb4
Rf6 22. Nh2 Be6 23. Qa3 Bf8 24. Ng4 Bxg4 25. Bxg4 Qf7 26. O-O a5 27. Nc4 g5 28.
hxg5 hxg5 29. Kg2 Rh6 30. Bxd6 Bxd6 31. Nxd6 Qe7 32. Nc4 Qh7 33. Bxh5 Rxh5 34.
Rh1 1-0

[Event "SR 3. liga A2 2006/2007"]
[Site "?"]
[Date "2006.10.08"]
[Round "1"]
[White "Fidericky, Milan"]
[Black "Danis, Jozef"]
[Result "0-1"]
[WhiteElo "1888"]
[BlackElo "1756"]
[Annotator "Senica B - Galanta  /7/"]
[PlyCount "47"]
[EventDate "2006.??.??"]

1. d4 Nf6 2. c4 e6 3. Nc3 d5 4. Bg5 Be7 5. e3 c6 6. Nf3 Nbd7 7. Rc1 O-O 8. Bd3
dxc4 9. Bxc4 Nd5 10. Bxe7 Qxe7 11. O-O N5b6 12. Bd3 e5 13. Qc2 g6 14. a3 Kg7
15. b4 f5 16. dxe5 Nxe5 17. Be2 f4 18. Qb2 Kg8 19. exf4 Rxf4 20. Rfe1 Rxf3 21.
Bxf3 Nxf3+ 22. gxf3 Qg5+ 23. Kh1 Bh3 24. Rg1 0-1

[Event "SR 3. liga A2 2006/2007"]
[Site "?"]
[Date "2006.10.08"]
[Round "1"]
[White "Farkas, Sandor"]
[Black "Havlicek, Peter"]
[Result "0-1"]
[WhiteElo "1850"]
[BlackElo "1715"]
[Annotator "Senica B - Galanta  /8/"]
[PlyCount "108"]
[EventDate "2006.??.??"]

1. e4 e5 2. f4 d6 3. Nf3 Nc6 4. Bc4 Nf6 5. Nc3 Be7 6. a3 O-O 7. d3 a6 8. Nd5
Bg4 9. Nxe7+ Qxe7 10. c3 Rae8 11. O-O d5 12. exd5 Nxd5 13. h3 Bxf3 14. Qxf3
Nxf4 15. Bxf4 exf4 16. Qxf4 Qe3+ 17. Qxe3 Rxe3 18. Rae1 Re7 19. d4 g6 20. Rxe7
Nxe7 21. Re1 Nf5 22. g4 Nd6 23. Bb3 Re8 24. Rxe8+ Nxe8 25. Kf2 Kf8 26. Kf3 Ke7
27. Kf4 h6 28. h4 Nd6 29. c4 b6 $11 30. a4 f5 31. g5 hxg5+ 32. hxg5 Ne4 33. Bc2
Nd6 34. Bd3 c5 35. dxc5 bxc5 36. Ke5 Nf7+ 37. Kf4 a5 38. Be2 Kd6 39. b3 Nd8 40.
Bf3 Ne6+ 41. Ke3 Nxg5 42. Bd5 Ne6 43. Bf3 Ke5 44. Bd1 Nd4 45. Kd3 f4 46. b4
cxb4 47. c5 Kd5 48. c6 Nxc6 49. Bf3+ Kc5 50. Ke4 g5 51. Bd1 Kc4 52. Kf5 b3 53.
Kxg5 b2 54. Bc2 f3 0-1

[Event "SR 3. liga A2 2006/2007"]
[Site "?"]
[Date "2006.10.08"]
[Round "1"]
[White "Hecko, Dusan"]
[Black "Furjel, Andrej"]
[Result "1-0"]
[WhiteElo "2142"]
[BlackElo "2023"]
[Annotator "Osuské B - Piestany B  /1/"]
[PlyCount "143"]
[EventDate "2006.??.??"]

1. c4 Nf6 2. Nc3 g6 3. Nf3 Bg7 4. g3 O-O 5. Bg2 d6 6. d3 e5 7. O-O Nc6 8. Rb1
a5 9. a3 Bf5 10. b4 axb4 11. axb4 Qd7 12. b5 Nd4 13. Re1 Rfe8 14. Nh4 Bh3 15.
Bxb7 Rab8 16. Bh1 Rf8 17. Nf3 Ne6 18. Ng5 Nxg5 19. Bxg5 Be6 20. Bc6 Qc8 21. Qd2
Bd7 22. Bg2 Re8 23. Nd5 Nxd5 24. Bxd5 Be6 25. Bc6 Bd7 26. Bg2 Bh3 27. Bxh3 Qxh3
28. e4 Qe6 29. Be3 f5 30. f3 Ra8 31. Ra1 Rxa1 32. Rxa1 f4 33. Bf2 fxg3 34. Bxg3
Rf8 35. Kg2 h5 36. Ra7 Qf6 37. Qf2 Rf7 38. b6 cxb6 39. Rxf7 Kxf7 40. Qxb6 Qg5
41. Kf1 h4 42. Be1 h3 43. Qc7+ Kg8 44. Qc8+ Bf8 45. Qxh3 Qe3 46. Qg2 Qxd3+ 47.
Qe2 Qb3 48. Kg2 Kf7 49. Bf2 Be7 50. Be3 Bf8 51. Kg3 Be7 52. Kg4 Ke6 53. Bg5
Bxg5 54. Kxg5 Kf7 55. f4 exf4 56. Kxf4 Qc3 57. Kg4 Kg7 58. h4 Qe5 59. Qd3 Qe6+
60. Kg3 Qe5+ 61. Kg2 Qf6 62. Kg3 Qe5+ 63. Kf3 Qf6+ 64. Ke3 Kh6 65. Qd5 Kh7 66.
Qd4 Qe6 67. Kd2 Qe7 68. Kd3 Qe6 69. Qf2 Qe7 70. Qf4 Qe6 71. Kd4 Kg7 72. e5 1-0

[Event "SR 3. liga A2 2006/2007"]
[Site "?"]
[Date "2006.10.08"]
[Round "1"]
[White "Mihalik, Anton"]
[Black "Pagerka, Martin"]
[Result "0-1"]
[WhiteElo "1994"]
[BlackElo "1966"]
[Annotator "Osuské B - Piestany B  /2/"]
[PlyCount "64"]
[EventDate "2006.??.??"]

1. e4 c5 2. Nc3 Nc6 3. g3 g6 4. Bg2 Bg7 5. d3 e6 6. Nge2 Nge7 7. O-O O-O 8. Be3
Nd4 9. Rb1 Nec6 10. a3 d6 11. Qd2 Rb8 12. f4 b5 13. Nd1 b4 14. axb4 cxb4 15.
Nxd4 Nxd4 16. Nf2 Qc7 17. Rfc1 Bd7 18. Nd1 Rfc8 19. Qf2 Nxc2 20. Bxa7 Rb7 21.
Be3 b3 22. f5 exf5 23. exf5 Rb5 24. fxg6 hxg6 25. Qd2 Re5 26. Bf2 Bc6 27. d4
Re7 28. d5 Bb5 29. Ne3 Bh6 30. Bf1 Bxf1 31. Kxf1 Bxe3 32. Bxe3 Nxe3+ 0-1

[Event "SR 3. liga A2 2006/2007"]
[Site "?"]
[Date "2006.10.08"]
[Round "1"]
[White "Diviak, Rastislav"]
[Black "Curidlo, Jan"]
[Result "1/2-1/2"]
[WhiteElo "1958"]
[BlackElo "2084"]
[Annotator "Osuské B - Piestany B  /3/"]
[PlyCount "127"]
[EventDate "2006.??.??"]

1. e4 c5 2. Nf3 d6 3. d4 cxd4 4. Nxd4 Nf6 5. Nc3 a6 6. Be2 e6 7. O-O Be7 8. f4
Qc7 9. a4 Nc6 10. Be3 Nxd4 11. Qxd4 O-O 12. Kh1 Bd7 13. Bf3 Bc6 14. Qd2 Rfd8
15. Qf2 Nd7 16. Rfd1 Rab8 17. a5 Re8 18. Ne2 Nc5 19. Ng3 Na4 20. b3 Nc5 21. Bd4
Nd7 22. Nh5 e5 23. Bb2 g6 24. Ng3 exf4 25. Ne2 Bf6 26. Bxf6 Nxf6 27. Nxf4 Nxe4
28. Qd4 Rbd8 29. c4 Nc5 30. Bxc6 bxc6 31. Qc3 Re4 32. Nd3 Re3 33. b4 Nd7 34.
Qd4 Rde8 35. Re1 Rxe1+ 36. Rxe1 Ne5 37. c5 dxc5 38. Qxc5 f6 39. Kg1 Kg7 40.
Nxe5 fxe5 41. Rd1 Re6 42. Qb6 Qe7 43. Qxa6 Qxb4 44. Qc8 Qc5+ 45. Kh1 Re7 46.
Rf1 Rf7 47. Rxf7+ Kxf7 48. Qd7+ Kf6 49. Qd8+ Ke6 50. Qg8+ Kf5 51. Qf7+ Ke4 52.
Qf3+ Kd4 53. Qd1+ Kc4 54. Qa4+ Kd5 55. Qa2+ Kd6 56. h3 Qa7 57. Kh2 c5 58. Qa4
Kd5 59. Qb5 e4 60. a6 Qc7+ 61. Kg1 Kd6 62. Kf2 Qa7 63. Kg3 Kc7 64. Kf4 1/2-1/2

[Event "SR 3. liga A2 2006/2007"]
[Site "?"]
[Date "2006.10.08"]
[Round "1"]
[White "Slaby, Jozef"]
[Black "Pericka, Tomas"]
[Result "0-1"]
[WhiteElo "1781"]
[BlackElo "1913"]
[Annotator "Osuské B - Piestany B  /4/"]
[PlyCount "62"]
[EventDate "2006.??.??"]

1. d4 Nf6 2. c4 e6 3. Nf3 d5 4. Nc3 c6 5. e3 Nbd7 6. Be2 Bd6 7. O-O O-O 8. a3
a5 9. b3 dxc4 10. bxc4 e5 11. Qc2 Re8 12. Rd1 Qc7 13. c5 Bf8 14. h3 g6 15. Bb2
Bg7 16. Bc4 exd4 17. exd4 Nf8 18. Ng5 Ne6 19. Nf3 Nf4 20. Ne5 Be6 21. Bxe6 Rxe6
22. Re1 Rae8 23. Na4 Nd7 24. Re4 Nxe5 25. dxe5 Bxe5 26. Rae1 Bxb2 27. Rxe6 Rxe6
28. Rxe6 Nxe6 29. Qxb2 Qd7 30. Qc2 Qd4 31. Kf1 Qa1+ 0-1

[Event "SR 3. liga A2 2006/2007"]
[Site "?"]
[Date "2006.10.08"]
[Round "1"]
[White "Hanzluvka, Peter"]
[Black "Bincik, Pavol"]
[Result "1-0"]
[WhiteElo "2042"]
[BlackElo "1937"]
[Annotator "Osuské B - Piestany B  /5/"]
[PlyCount "91"]
[EventDate "2006.??.??"]

1. e4 c6 2. d4 d5 3. exd5 cxd5 4. Bd3 Nc6 5. c3 Nf6 6. Bf4 Qb6 7. Qc2 Bg4 8.
Nd2 Rc8 9. Qb3 Qxb3 10. axb3 a6 11. Ngf3 e6 12. O-O Be7 13. b4 Bxf3 14. Nxf3
O-O 15. Nd2 Ra8 16. Nb3 Nd7 17. Rfe1 Rfc8 18. Kf1 Bd8 19. Ra2 Ra7 20. Bd6 Rca8
21. Rea1 Bb6 22. Nc5 Nxc5 23. Bxc5 Bxc5 24. bxc5 h6 25. Ke2 Kf8 26. Ke3 Ke7 27.
b4 Kd7 28. Be2 Kd8 29. f4 Kc7 30. f5 exf5 31. Bf3 Ne7 32. b5 b6 33. c4 Re8 34.
cxb6+ Kxb6 35. Rxa6+ Rxa6 36. Rxa6+ Kc7 37. Kd3 dxc4+ 38. Kxc4 Nc8 39. Kc5 Re6
40. Bc6 Rf6 41. b6+ Nxb6 42. Ra7+ Kd8 43. Kxb6 g5 44. d5 f4 45. Ra8+ Ke7 46.
Kc7 1-0

[Event "SR 3. liga A2 2006/2007"]
[Site "?"]
[Date "2006.10.08"]
[Round "1"]
[White "Gono, Michal"]
[Black "Karlik, Lukas"]
[Result "1/2-1/2"]
[WhiteElo "1593"]
[BlackElo "1842"]
[Annotator "Osuské B - Piestany B  /6/"]
[PlyCount "122"]
[EventDate "2006.??.??"]

1. c4 c6 2. d4 d5 3. Nc3 Nf6 4. Bg5 Qa5 5. Bxf6 exf6 6. cxd5 Bb4 7. Qb3 cxd5 8.
e3 Bd7 9. a3 Nc6 10. Rc1 Bxc3+ 11. Qxc3 Qb6 12. Nf3 O-O 13. Bd3 Rac8 14. O-O
Ne5 15. Qd2 Nxd3 16. Qxd3 Bb5 17. Qf5 Qe6 18. Qxe6 fxe6 19. Rfe1 Kf7 20. Nd2
Ke7 21. Nb3 b6 22. Rxc8 Rxc8 23. Rc1 Rxc1+ 24. Nxc1 Kd6 25. f3 e5 26. Kf2 a5
27. Na2 Bc4 28. Nc3 b5 29. b4 a4 30. g3 Ke6 31. Kg2 g5 32. g4 f5 33. gxf5+ Kxf5
34. e4+ Kf6 35. dxe5+ Kxe5 36. exd5 Bxd5 37. Nxb5 g4 38. Nc3 Bxf3+ 39. Kg3 Bc6
40. b5 Bd7 41. b6 Kd6 42. Kh4 Bc6 43. Kxg4 Kc5 44. Nxa4+ Kb5 45. Nc3+ Kxb6 46.
Kg5 Kc5 47. Kh6 Kc4 48. Ne2 Be4 49. Ng3 Bc2 50. Nh5 Kb3 51. Nf6 Kxa3 52. Nxh7
Kb4 53. Nf8 Kc5 54. h4 Kd6 55. Kg7 Bd1 56. Kf6 Kd5 57. Nh7 Ke4 58. Kg5 Ke5 59.
Nf6 Ke6 $11 60. Ne4 Kf7 61. Nd6+ Kg7 1/2-1/2

[Event "SR 3. liga A2 2006/2007"]
[Site "?"]
[Date "2006.10.08"]
[Round "1"]
[White "Skapik, Branislav"]
[Black "Sedlak, Rastislav"]
[Result "1-0"]
[WhiteElo "1800"]
[BlackElo "1523"]
[Annotator "Osuské B - Piestany B  /7/"]
[PlyCount "83"]
[EventDate "2006.??.??"]

1. e4 c5 2. Nc3 Nc6 3. g3 Nf6 4. Bg2 d6 5. f4 Bg4 6. Bf3 Bxf3 7. Nxf3 e6 8. d4
cxd4 9. Nxd4 Qb6 10. Nb3 Be7 11. Qf3 Nd4 12. Nxd4 Qxd4 13. Be3 Qb4 14. O-O-O
O-O 15. Rd4 Qa5 16. g4 a6 17. g5 Nd7 18. Qg3 Rac8 19. Bd2 Qc5 20. Be3 b5 21.
Rd2 Qc6 22. a3 Nc5 23. Bxc5 Qxc5 24. f5 exf5 25. Rd5 Qc4 26. exf5 Rc5 27. Rhd1
Rxd5 28. Rxd5 Qf1+ 29. Kd2 Re8 30. f6 Bf8 31. Rd3 gxf6 32. gxf6+ Kh8 33. Nd5
Qe2+ 34. Kc1 Bh6+ 35. Kb1 Rc8 36. Nc3 Qf1+ 37. Ka2 Qxf6 38. Rxd6 Qf4 39. Qd3
Qxh2 40. Qd4+ Bg7 41. Rd8+ Rxd8 42. Qxd8+ 1-0

[Event "SR 3. liga A2 2006/2007"]
[Site "?"]
[Date "2006.10.08"]
[Round "1"]
[White "Lesay, Dominik"]
[Black "Cajka, Tibor"]
[Result "0-1"]
[WhiteElo "1562"]
[BlackElo "1784"]
[Annotator "Osuské B - Piestany B  /8/"]
[PlyCount "48"]
[EventDate "2006.??.??"]

1. e4 c5 2. Nc3 e6 3. Nf3 Nc6 4. d4 cxd4 5. Nxd4 Nf6 6. Bg5 Be7 7. Qd2 O-O 8.
Nxc6 bxc6 9. f3 d5 10. e5 Nd7 11. Bxe7 Qxe7 12. Qe3 Qb4 13. O-O-O Rb8 14. b3 c5
15. Na4 Qa3+ 16. Kd2 d4 17. Qe4 Bb7 18. Qe1 Bc6 19. c3 Bxa4 20. bxa4 Qxc3+ 21.
Ke2 Rb2+ 22. Rd2 Qe3+ 23. Kd1 Rb1+ 24. Kc2 Qxe1 0-1

[Event "SR 3. liga A2 2006/2007"]
[Site "?"]
[Date "2006.10.08"]
[Round "1"]
[White "Pribila, Michal"]
[Black "Slamena, Michal"]
[Result "0-1"]
[WhiteElo "2095"]
[BlackElo "1957"]
[Annotator "Gbely - Hlohovec jun.  /1/"]
[PlyCount "92"]
[EventDate "2006.??.??"]

1. e4 c5 2. Nf3 d6 3. d4 cxd4 4. Nxd4 Nf6 5. Nc3 g6 6. Bd3 Bg7 7. O-O Nc6 8.
Nde2 O-O 9. Kh1 a6 10. h3 h5 11. f4 Bd7 12. Be3 b5 13. Qe1 Nh7 14. Rb1 f5 15.
Qg3 Qe8 16. Nd5 Rc8 17. Nb6 Rd8 18. Nxd7 Rxd7 19. exf5 gxf5 20. c3 e6 21. Rbe1
Qf7 22. Qf3 Ne7 23. Bc2 Kh8 24. Bb3 d5 25. Bd4 Nc6 26. Bxg7+ Kxg7 27. c4 Nf6
28. cxb5 axb5 29. Qd3 b4 30. Ba4 Rc7 31. Rc1 Rfc8 32. Rfe1 Ne4 33. Kh2 Qf6 34.
Rc2 Na5 35. Ng3 Qh4 36. Rxc7+ Rxc7 37. Qf3 Qxg3+ 38. Qxg3+ Nxg3 39. Kxg3 Kf6
40. Re2 Rc4 41. b3 Rc7 42. Be8 Nb7 43. Bxh5 Nd6 44. Kf2 Ne4+ 45. Kf3 Rc3+ 46.
Re3 d4 0-1

[Event "SR 3. liga A2 2006/2007"]
[Site "?"]
[Date "2006.10.08"]
[Round "1"]
[White "Peska, Juraj"]
[Black "Pribila, Gerhard"]
[Result "1/2-1/2"]
[WhiteElo "1955"]
[BlackElo "2022"]
[Annotator "Gbely - Hlohovec jun.  /2/"]
[PlyCount "103"]
[EventDate "2006.??.??"]

1. c4 c5 2. Nc3 g6 3. g3 Bg7 4. Bg2 Nc6 5. Nf3 Nf6 6. O-O O-O 7. d3 d6 8. Bd2
Rb8 9. Qc1 Bg4 10. h3 Bd7 11. Bh6 Qc8 12. Kh2 a6 13. Bxg7 Kxg7 14. a4 h5 15.
Qd2 Rh8 16. h4 Bg4 17. Rab1 Bd7 18. Na2 Ng4+ 19. Kg1 Nge5 20. Nxe5 Nxe5 21. a5
Bh3 22. b4 Bxg2 23. Kxg2 Qg4 24. bxc5 dxc5 25. Nc3 Qd4 26. Ne4 Nxc4 27. Qa2 Nd6
28. Ng5 Rhf8 29. Nf3 Qf6 30. Rfc1 Nb5 31. Qb2 Rfc8 32. Ng5 Qxb2 33. Rxb2 Rc7
34. Ne4 Rbc8 35. Rbc2 Nd4 36. Rxc5 Rxc5 37. Rxc5 Rc6 38. e3 Nb3 39. Rxc6 bxc6
40. d4 f5 41. Ng5 Kf6 42. Nh7+ Kf7 43. Ng5+ Kg7 44. Ne6+ Kf6 45. Nc7 Nxa5 46.
Nxa6 e5 47. Nb4 Ke6 48. Kf3 $11 Kd6 49. Ke2 exd4 50. exd4 Nc4 51. Kd3 Nb6 52.
f3 1/2-1/2

[Event "SR 3. liga A2 2006/2007"]
[Site "?"]
[Date "2006.10.08"]
[Round "1"]
[White "Vach, Jozef"]
[Black "Hertel, Ondrej"]
[Result "1/2-1/2"]
[WhiteElo "1992"]
[BlackElo "1990"]
[Annotator "Gbely - Hlohovec jun.  /3/"]
[PlyCount "78"]
[EventDate "2006.??.??"]

1. d4 d5 2. c4 e6 3. Nc3 Nf6 4. Nf3 c6 5. e3 Nbd7 6. Bd3 Bd6 7. Qc2 O-O 8. O-O
dxc4 9. Bxc4 e5 10. a4 exd4 11. exd4 Nb6 12. Bd3 h6 13. Ne4 Nxe4 14. Bxe4 Be6
15. b3 Bd5 16. Bb2 Bxe4 17. Qxe4 Re8 18. Qd3 Nd5 19. Ne5 Qg5 20. Bc1 Qh5 21.
Qf3 Qxf3 22. Nxf3 Re2 23. Bd2 Rae8 24. Rfe1 Rxe1+ 25. Rxe1 Rxe1+ 26. Nxe1 Kf8
27. Nd3 Ke7 28. f4 Ke6 29. Kf2 Nf6 30. Kf3 Kd5 31. Be3 Ne4 32. h3 f6 33. g4 a6
34. f5 b5 35. axb5 axb5 36. Ke2 Ng3+ 37. Kf3 Ne4 38. Ke2 Ng3+ 39. Kf3 Ne4 $11
1/2-1/2

[Event "SR 3. liga A2 2006/2007"]
[Site "?"]
[Date "2006.10.08"]
[Round "1"]
[White "Kollarik, Gorazd"]
[Black "Jozefovic, Milan"]
[Result "0-1"]
[WhiteElo "1976"]
[BlackElo "1956"]
[Annotator "Gbely - Hlohovec jun.  /4/"]
[PlyCount "112"]
[EventDate "2006.??.??"]

1. e4 e5 2. Nf3 d6 3. d4 f6 4. dxe5 fxe5 5. Bc4 h6 6. Nc3 Nf6 7. h3 Nc6 8. a3
Qe7 9. Nd5 Nxd5 10. Qxd5 Bd7 11. Be3 O-O-O 12. O-O-O Kb8 13. b4 Re8 14. Rd2 g5
15. Ba2 Qf6 16. Qf7 Qd8 17. Kb2 Re7 18. Qd5 Bg7 19. Qd3 Rf8 20. Qc3 Qe8 21. Bd5
Nd8 22. Qd3 Ne6 23. Bxe6 Rxe6 24. c4 Bc6 25. Ng1 b6 26. Ne2 Qg6 27. Nc3 Bb7 28.
Rhd1 Rc8 29. f3 Qf7 30. Qe2 Bf8 31. Qf1 Ree8 32. Qe2 Ba6 33. b5 Bb7 34. Rc2 c6
35. Rdc1 Rc7 36. Qd3 Rec8 37. Na2 cxb5 38. cxb5 Rxc2+ 39. Rxc2 Rxc2+ 40. Qxc2
d5 41. exd5 Bxd5 42. Nc3 Bb7 43. Ne4 Qe7 44. Qd3 Bc8 45. Bd2 Qe6 46. Bc3 Be7
47. Nd2 Bd7 48. a4 Be8 49. Nc4 Bg6 50. Bxe5+ Kc8 51. Nd6+ Kd7 52. Ne4+ Ke8 53.
Qc3 Kf8 54. Bg7+ Kf7 55. Bxh6 Bxe4 56. fxe4 Bf6 0-1

[Event "SR 3. liga A2 2006/2007"]
[Site "?"]
[Date "2006.10.08"]
[Round "1"]
[White "Kocak, Branislav"]
[Black "Synak, Jan"]
[Result "1/2-1/2"]
[WhiteElo "1774"]
[BlackElo "1802"]
[Annotator "Gbely - Hlohovec jun.  /5/"]
[PlyCount "151"]
[EventDate "2006.??.??"]

1. d4 Nf6 2. c4 e6 3. Nc3 d5 4. Nf3 Be7 5. e3 Nbd7 6. Bd3 dxc4 7. Bxc4 O-O 8.
O-O b6 9. Re1 Bb7 10. e4 c5 11. d5 exd5 12. exd5 Bd6 13. Bg5 Qb8 14. h3 h6 15.
Bxf6 Nxf6 16. Qc2 a6 17. a4 Re8 18. Rad1 Qc8 19. Rxe8+ Qxe8 20. Re1 Qd7 21. Qd1
Re8 22. Rxe8+ Qxe8 23. Qd3 Qc8 24. Qe2 Qa8 25. Ne4 Nxe4 26. Qxe4 b5 27. axb5
axb5 28. Bxb5 Bxd5 29. Qe8+ Qxe8 30. Bxe8 Kf8 31. Bb5 Ke7 32. Kf1 Bf4 33. Ne1
Kd6 34. Nc2 Bb3 35. Na3 Kd5 36. Be8 Kd4 37. Ke2 Bc1 38. Nb5+ Ke5 39. g3 Bxb2
40. f4+ Ke6 41. Kd2 Ke7 42. Bc6 f6 43. Nc3 Kd6 44. Be8 Be6 45. h4 Bf5 46. Bh5
c4 47. Bf3 Bd3 48. Bg4 Ba1 49. Bf3 Kc5 50. Bd1 Kb4 51. Nd5+ Ka3 52. Nc3 Kb4 53.
Nd5+ Kc5 54. Nc3 Kd6 55. Bf3 Ke6 56. Bg4+ f5 57. Bf3 Bb2 58. Bd5+ Kf6 59. Bf3
Ba3 60. Nd5+ Kf7 61. g4 Ke6 62. g5 Be4 63. Nc7+ Kd7 64. Bxe4 fxe4 65. Nd5 Ke6
66. Ne3 Bb4+ 67. Kc2 c3 68. f5+ Kf7 69. Nd5 hxg5 70. hxg5 Ba5 71. Nxc3 e3 72.
Ne2 Bd8 73. f6 Bxf6 74. gxf6 Kxf6 75. Kd3 Kf5 76. Kxe3 1/2-1/2

[Event "SR 3. liga A2 2006/2007"]
[Site "?"]
[Date "2006.10.08"]
[Round "1"]
[White "Barca, Michal"]
[Black "Zajicek, Ferdinand"]
[Result "1/2-1/2"]
[WhiteElo "1807"]
[BlackElo "1753"]
[Annotator "Gbely - Hlohovec jun.  /6/"]
[PlyCount "122"]
[EventDate "2006.??.??"]

1. c4 c5 2. Nc3 Nf6 3. Nf3 g6 4. d4 cxd4 5. Nxd4 Bg7 6. e4 d6 7. Be2 O-O 8. O-O
Qb6 9. Ndb5 a6 10. Be3 Qd8 11. Nd4 Nc6 12. f3 Bd7 13. Rb1 Rc8 14. b4 Ne5 15.
Qb3 Qc7 16. Nd5 Qd8 17. Rfc1 Nc6 18. Nxc6 Bxc6 19. Nb6 Rb8 20. b5 axb5 21. cxb5
Bd7 22. Rc2 Be6 23. Bc4 Bxc4 24. Qxc4 Nd7 25. Qc7 Nxb6 26. Bxb6 Qxc7 27. Rxc7
Ra8 28. Rxe7 Rxa2 29. Rxb7 Rfa8 30. Rd7 Ra1 31. Rxa1 Rxa1+ 32. Kf2 Rb1 33. Rd8+
Bf8 34. Bc7 Kg7 35. b6 Be7 36. Rb8 Rb3 37. Ke2 Kf6 38. Ra8 Ke6 39. Ra7 Kd7 40.
e5 dxe5 41. Bxe5+ Ke6 42. Bd4 Bd6 43. Kd2 h5 44. h3 f6 45. Ra2 Be5 46. Kc2 Rb5
47. Be3 g5 48. g4 hxg4 49. hxg4 Kd5 50. Ra3 Rb2+ 51. Kc1 Rb5 52. Ra7 Rb3 53.
Kd2 Rb2+ 54. Kc1 Rb3 55. Ra5+ Kc6 56. Kd2 Kd6 57. Ke2 Kc6 58. Ra8 Kb7 59. Re8
Kc6 60. Re7 Kd5 61. b7 Kc6 1/2-1/2

[Event "SR 3. liga A2 2006/2007"]
[Site "?"]
[Date "2006.10.08"]
[Round "1"]
[White "Papanek, Lubomir"]
[Black "Slamka, Michal"]
[Result "0-1"]
[WhiteElo "1684"]
[BlackElo "1681"]
[Annotator "Gbely - Hlohovec jun.  /7/"]
[PlyCount "72"]
[EventDate "2006.??.??"]

1. d4 Nf6 2. c4 e6 3. Nc3 Bb4 4. Bd2 b6 5. a3 Bxc3 6. bxc3 Bb7 7. Bg5 d6 8. f3
Nbd7 9. e4 e5 10. Bd3 Qe7 11. Ne2 h6 12. Be3 Nh7 13. Ng3 Ng5 14. Qe2 Ne6 15.
Nf5 Qf8 16. g3 g6 17. Nh4 Qg7 18. Qf2 O-O 19. Ng2 exd4 20. cxd4 c5 21. Qd2 Nxd4
22. Bxd4 Qxd4 23. Rd1 Ne5 24. Rf1 Kg7 25. Nf4 Nc6 26. Ne2 Qf6 27. Qc3 Ne5 28.
Bc2 Rad8 29. f4 Ng4 30. e5 dxe5 31. fxe5 Rxd1+ 32. Bxd1 Qxe5 33. Qd3 Re8 34.
Qd7 Qc3+ 35. Qd2 Qxa3 36. h3 Qxg3+ 0-1

[Event "SR 3. liga A2 2006/2007"]
[Site "?"]
[Date "2006.10.08"]
[Round "1"]
[White "Marhula, Milan"]
[Black "Brunovsky, Peter"]
[Result "0-1"]
[WhiteElo "1551"]
[BlackElo "1649"]
[Annotator "Gbely - Hlohovec jun.  /8/"]
[PlyCount "76"]
[EventDate "2006.??.??"]

1. e4 c6 2. d4 d5 3. e5 Bf5 4. Bd3 Bxd3 5. Qxd3 e6 6. a3 c5 7. c3 Nc6 8. Nf3
cxd4 9. Nxd4 Nxe5 10. Qb5+ Qd7 11. Qxd7+ Nxd7 12. Nd2 Rc8 13. N2f3 Ngf6 14. Bd2
Bc5 15. O-O O-O 16. Ng5 Bxd4 17. cxd4 Rc2 18. Bc3 h6 19. Nf3 Ne4 20. Nd2 Nxd2
21. Bxd2 Rxd2 22. Rfc1 Rxb2 23. Rc7 Nf6 24. Rac1 Ng4 25. R7c2 Rxc2 26. Rxc2 Rb8
27. h3 Nf6 28. f3 b5 29. Rc7 a5 30. Rc5 Nd7 31. Rc7 Nb6 32. Ra7 Nc4 33. Kf2 b4
34. axb4 axb4 35. Ra1 b3 36. Ke2 b2 37. Rb1 Na3 38. Rxb2 Rxb2+ 0-1

[Event "SR 3. liga A2 2006/2007"]
[Site "?"]
[Date "2006.10.08"]
[Round "1"]
[White "Bukovsky, Milan"]
[Black "Cechovic, Stefan"]
[Result "0-1"]
[WhiteElo "2036"]
[BlackElo "2197"]
[Annotator "Trnava C - Cífer  /1/"]
[PlyCount "108"]
[EventDate "2006.??.??"]

1. c4 Nf6 2. Nc3 d5 3. cxd5 Nxd5 4. g3 c6 5. Bg2 g6 6. Nf3 Bg7 7. O-O O-O 8. e4
Nxc3 9. bxc3 c5 10. Qe2 e5 11. Rd1 Nc6 12. Rb1 b6 13. d4 exd4 14. cxd4 cxd4 15.
Bb2 Bg4 16. Qb5 Rc8 17. Rdc1 Bxf3 18. Bxf3 Qd6 19. Qd5 Rfd8 20. Bg4 Rc7 21.
Qxd6 Rxd6 22. Ba3 Rd8 23. f4 h5 24. Bf3 Rcc8 25. e5 Na5 26. Be7 Rxc1+ 27. Rxc1
Rd7 28. Rc8+ Kh7 29. Bd6 f6 30. Bd5 fxe5 31. fxe5 d3 32. Rc7 Rxc7 33. Bxc7 d2
34. Bf3 Nc6 35. e6 Nd4 36. Bd1 Nxe6 37. Bb8 a6 38. Kf1 Nd4 39. Bf4 Bh6 40. Bc7
Nb5 41. Be5 Bg7 42. a4 Bxe5 43. axb5 a5 44. Ke2 Bc3 45. Kd3 Bb4 46. Ke4 Kh6 47.
Kd5 Kg5 48. Ke4 h4 49. Kf3 h3 50. Ke2 Kg4 51. Ke3+ Kf5 52. Kf2 Ke5 53. Ke2 g5
54. Kf3 Kd4 0-1

[Event "SR 3. liga A2 2006/2007"]
[Site "?"]
[Date "2006.10.08"]
[Round "1"]
[White "Sarmir, Milos"]
[Black "Krist, Milan"]
[Result "1/2-1/2"]
[WhiteElo "2159"]
[BlackElo "2039"]
[Annotator "Trnava C - Cífer  /2/"]
[PlyCount "133"]
[EventDate "2006.??.??"]

1. e4 e6 2. d4 d5 3. Nc3 Nf6 4. exd5 Nxd5 5. Nxd5 exd5 6. Bd3 c5 7. Qe2+ Qe7 8.
dxc5 Qxe2+ 9. Nxe2 Bxc5 10. Nf4 d4 11. O-O O-O 12. Bd2 Nc6 13. a3 a5 14. Nd5
Be6 15. Nc7 Rac8 16. Nxe6 fxe6 17. Rae1 e5 18. Be4 Bd6 19. c3 b6 20. cxd4 Nxd4
21. Bc3 Kh8 22. Bd3 Rfe8 23. Re4 Nb3 24. Rh4 h6 25. Re1 Nc5 26. Bf5 Rc7 27. Rd1
Bf8 28. f4 e4 29. Rxh6+ Kg8 30. Bh7+ Kf7 31. Rh5 Be7 32. f5 Rd8 33. Bg6+ Kg8
34. Rxd8+ Bxd8 35. Rh7 Nd3 36. h4 Nf4 37. Kf2 Nd5 38. Be5 Rc2+ 39. Kg3 Bf6 40.
Bd6 e3 41. h5 e2 42. Kf2 Bd4+ 43. Ke1 Ne3 44. Rxg7+ Kxg7 45. f6+ Kxf6 46. Bxc2
Nxc2+ 47. Kxe2 Bxb2 48. Bc7 Bd4 49. Kd3 Nxa3 50. g4 Bc5 51. Bd8+ Kf7 52. g5 Nb5
53. Kc4 Nd6+ 54. Kd5 Nf5 55. Bc7 Ne3+ 56. Ke4 a4 57. Be5 Ng4 58. Ba1 Bd6 59.
g6+ Kg8 60. h6 Nxh6 61. Kd5 Bf8 62. Bd4 b5 63. Kc6 Nf5 64. Kxb5 a3 65. Ba1 Bg7
66. Ka4 Bxa1 67. Kxa3 1/2-1/2